Socio-economic scenario of agricultural labourers / (Record no. 72151)

MARC details
000 -LEADER
fixed length control field 00750nam a22002417a 4500
005 - DATE AND TIME OF LATEST TRANSACTION
control field 20230727111326.0
008 - FIXED-LENGTH DATA ELEMENTS--GENERAL INFORMATION
fixed length control field 121213t xxu||||| |||| 00| 0 eng d
010 ## - LCCN (DPL NO)
LC control number ENG-106436 ENG-137610
020 ## - INTERNATIONAL STANDARD BOOK NUMBER
International Standard Book Number 9788183243698
Terms of availability 495.00
020 ## - INTERNATIONAL STANDARD BOOK NUMBER
International Standard Book Number 818324369
035 ## - SYSTEM CONTROL NUMBER
System control number EN-89969
035 ## - SYSTEM CONTROL NUMBER
System control number EN-121142
037 ## - SOURCE OF ACQUISITION
Source of stock number/acquisition DBAD/PUB
040 ## - CATALOGING SOURCE
Original cataloging agency DPL
Language of cataloging Eng
082 ## - DEWEY DECIMAL CLASSIFICATION NUMBER
Classification number 305.5630954123
100 ## - MAIN ENTRY--PERSONAL NAME
9 (RLIN) 54274
Personal name Punam
245 ## - TITLE STATEMENT
Title Socio-economic scenario of agricultural labourers /
Statement of responsibility, etc by Punam
260 ## - PUBLICATION, DISTRIBUTION, ETC. (IMPRINT)
Place of publication, distribution, etc New Delhi
Name of publisher, distributor, etc Mittal Publications
Date of publication, distribution, etc 2012
270 ## - ADDRESS
Address 4594/9 Daryaganj
City New Delhi
Postal code 110002
300 ## - PHYSICAL DESCRIPTION
Extent xx,144p.
Dimensions 23cm(Hb)
500 ## - GENERAL NOTE
General note Includes bibliographical references and index
942 ## - ADDED ENTRY ELEMENTS (KOHA)
Source of classification or shelving scheme Dewey Decimal Classification
Item type English Books
Classification part 305.5630954123
Call number suffix PUN
Holdings
Withdrawn status Lost status Source of classification or shelving scheme Damaged status Not for loan Collection code Home library Current library Date acquired Source of acquisition Cost, normal purchase price Total Checkouts Full call number Barcode Date last seen Copy number Cost, replacement price Koha item type
    Dewey Decimal Classification   Not For Loan Non-fiction D.B.Act.Division D.B.Act.Division 13/12/2012 DBAD/PUB 495.00   305.5630954123 PUN EN-89969 13/12/2012 1 495.00 English Books
    Dewey Decimal Classification     Non-fiction Shahdara Branch Shahdara Branch 27/07/2023 DBAD/PUB 495.00   305.5630954123 PUN EN-121142 27/07/2023 1 495.00 English Books

© Delhi Public Library
Hit Counter
free hit counter